Television Quiz

Random Television or Art Quiz
Score 0/12 Timer 04:00
4 Plays Today
% Correct
House, M.D.
85.4%
The Walking Dead
84.2%
Looney Tunes
81.4%
The Big Bang Theory
77.3%
Beavis and Butt-Head
76.9%
Pokémon
71.1%
Saved by the Bell
61.1%
Daria
55.9%
American Horror Story
51.9%
Buffy the Vampire Slayer
50.5%
Supernatural
31.5%
Lost
27.5%
Remove Ads.
Support Sporcle.
Get the best of Sporcle when you Go Orange. This ad-free experience offers more features, more stats, and more fun while also helping to support Sporcle. Thank you for becoming a member.

You're not logged in!

Compare scores with friends on all Sporcle quizzes.
OR
Log In

Show Comments

Extras

Top Quizzes Today


Score Distribution

Your Account Isn't Verified!

In order to create a playlist on Sporcle, you need to verify the email address you used during registration. Go to your Sporcle Settings to finish the process.

Report this User

Report this user for behavior that violates our Community Guidelines.

Details: